| Tag |
First Indicator |
Second Indicator |
Subfields |
| LEADER |
00000cam a2200000 a 4500 |
| 001 |
in00000087882 |
| 005 |
20220103134457.0 |
| 007 |
cr unu a |
| 008 |
821002s1981 xx a b 00010 eng d |
| 035 |
|
|
|9 AAK1478AM
|
| 035 |
|
|
|a (OCoLC)08825520
|
| 040 |
|
|
|a TXA
|c TXA
|d UtOrBLW
|
| 043 |
|
|
|a n-us-tx
|
| 049 |
|
|
|a TXAZ [Also in] [Archives]
|c 1 [1804756], 2 [1804757]
|
| 099 |
|
|
|a 1981
|a Thesis
|a K93
|
| 100 |
1 |
|
|a Kring, T. J.
|q (Timothy Joseph),
|d 1957-
|
| 245 |
1 |
0 |
|a Population dynamics and within field distribution of the greenbug, Schizaphis graminum (Rondani), and its parasitoids in Central Texas winter wheat /
|c by Timothy Joseph Kring.
|
| 264 |
|
1 |
|a [Place of publication not identified] :
|b [publisher not identified] ;
|c 1981.
|
| 300 |
|
|
|a viii, 71 leaves :
|b illustrations ;
|c 29 cm.
|
| 336 |
|
|
|a text
|b txt
|2 rdacontent
|
| 337 |
|
|
|a computer
|b c
|2 rdamedia
|
| 338 |
|
|
|a online resource
|b cr
|2 rdacarrier
|
| 500 |
|
|
|a "Major subject: Entomology."
|
| 500 |
|
|
|a Typescript (photocopy).
|
| 500 |
|
|
|a Vita.
|
| 502 |
|
|
|b M.S.
|c Texas A&M University
|d 1981.
|
| 504 |
|
|
|a Bibliography: leaves 65-70.
|
| 530 |
|
|
|a Also available online.
|
| 650 |
|
0 |
|a Greenbug.
|
| 650 |
|
4 |
|a Major entomology.
|
| 856 |
4 |
1 |
|u https://hdl.handle.net/1969.1/ETD-TAMU-1981-THESIS-K93
|z Link to OAKTrust copy
|t 0
|
| 999 |
|
|
|a MARS
|
| 999 |
f |
f |
|s b8cc7c89-8cc0-37a9-8004-8031643fa9b5
|i 126ed2b2-78bd-32e8-a75b-f35961038a16
|t 0
|
| 952 |
f |
f |
|p noncirc
|a Texas A&M University
|b J.J. Pickle Campus
|c High Density Repository
|s HDR
|d Remote Storage
|t 0
|e 1981 Thesis K93
|h Other scheme
|i computer -- online resource
|m A14841000252
|
| 952 |
f |
f |
|a Texas A&M University
|b College Station
|c Electronic Resources
|s www_evans
|d Available Online
|t 0
|e 1981 Thesis K93
|h Other scheme
|
| 998 |
f |
f |
|a 1981 Thesis K93
|t 0
|l Remote Storage
|
| 998 |
f |
f |
|a 1981 Thesis K93
|t 0
|l Available Online
|